Vrai ou faux ? Version Dragon Ball - Statistiques

Statistiques générales
  • Ce quiz a été pris 68 fois
    45 depuis la dernière actualisation
  • Le résultat moyen est 13 sur 20
Statistiques - réponses
Question Réponse % Correct
Tortue Génial a remporté un Tenkaichi Budokaï vrai
88%
Vegeta a un frère vrai
85%
Krillin a remporté un Tenkaichi Budokaï faux
83%
Goku atteint le SSJ4 grâce Pan vrai
83%
Goku n'a jamais tué un adversaire faux
78%
Videl s'est coupé les cheveux pour Gohan vrai
75%
Le Broly canon est celui du premier film ("Broly le super guerrier") faux
73%
La fusion métamol est une addition de puissance faux
73%
Tenshihan a remporté un Tenkaichi Budokaï vrai
73%
Plume et Oolong viennent de la même école vrai
73%
Shenron a déjà été tué vrai
70%
Kid Buu est le plus puissant des Buu faux
65%
Hit peut remonter le temps faux
65%
Le kaioken est la 1ère transformation du manga faux
65%
Gohan a atteint le SSJ2 à 9ans vrai
63%
Buu a perdu de la puissance en absorbant Picollo faux
58%
La forme du super sayien multiplie la puissance par 100 faux
50%
Beerus est le plus puissant des Dieux de la destructions vrai
48%
Le SSJ 3 de Vegeta se nomme "ultra vegeta 1" vrai
18%
Cell possède les cellules de San goku, San gohan, Vegeta, Picollo, Freezez et du roi Cold faux
10%
Aucun quiz correspondant
Distribution des résultats
% des personnes avec chaque résultat
Percentile par nombre de réponses
Votre historique - résultats
Vous n’avez pas pris ce quiz depuis la dernière actualisation